<?xml version="1.0" encoding="UTF-8"?>
<collection xmlns="http://www.loc.gov/MARC21/slim">
 <record>
  <leader>00540pamaa2200193   4500</leader>
  <controlfield tag="001">0000033537</controlfield>
  <controlfield tag="005">20090629090000.0</controlfield>
  <datafield tag="020" ind1="0" ind2="0">
   <subfield code="a">0632054069 </subfield>
  </datafield>
  <datafield tag="082" ind1=" " ind2=" ">
   <subfield code="a">616.079 PLA 2001</subfield>
  </datafield>
  <datafield tag="090" ind1="0" ind2="0">
   <subfield code="a">QR181 </subfield>
   <subfield code="b">PLA 2001</subfield>
  </datafield>
  <datafield tag="100" ind1="1" ind2="0">
   <subfield code="a">Playfair </subfield>
  </datafield>
  <datafield tag="245" ind1="1" ind2="0">
   <subfield code="a">Immunology at a glance  </subfield>
   <subfield code="c">J.H.L. Playfair and B.M.Chain.</subfield>
  </datafield>
  <datafield tag="250" ind1="0" ind2="0">
   <subfield code="a">7th ed.</subfield>
  </datafield>
  <datafield tag="260" ind1="0" ind2="0">
   <subfield code="a">London: </subfield>
   <subfield code="b">Blackwell Science, </subfield>
   <subfield code="c">2001.</subfield>
  </datafield>
  <datafield tag="300" ind1=" " ind2=" ">
   <subfield code="a">96p.: </subfield>
   <subfield code="b">ill.; </subfield>
   <subfield code="c">28cm.</subfield>
  </datafield>
  <datafield tag="650" ind1="0" ind2="0">
   <subfield code="a">Immunology -- </subfield>
   <subfield code="x">Charts </subfield>
  </datafield>
  <datafield tag="650" ind1="0" ind2="0">
   <subfield code="a">Immunity -- </subfield>
   <subfield code="x">Terminology -- </subfield>
   <subfield code="y">English </subfield>
  </datafield>
  <datafield tag="650" ind1="0" ind2="0">
   <subfield code="a">Immunology </subfield>
  </datafield>
  <datafield tag="700" ind1="1" ind2="1">
   <subfield code="a">CHAIN, </subfield>
   <subfield code="h">B.M </subfield>
  </datafield>
 </record>
</collection>
